| 000 | 00000nam 2200000za 4500 |
| 001 | 9.824969 |
| 003 | CaOODSP |
| 005 | 20221107144240 |
| 007 | cr ||||||||||| |
| 008 | 160928s1902 onc #o f001 0 eng d |
| 040 | |aCaOODSP|beng |
| 043 | |an-cn--- |
| 086 | 1 |aZ1-1900/1E-PDF |
| 245 | 00|aReport of the Royal Commission on Chinese and Japanese Immigration |h[electronic resource]. |
| 260 | |aOttawa : |bS. E. Dawson, printer, |c1902. |
| 300 | |axiv, 430 p. |
| 500 | |aHistorical publication digitized by the Privy Council Office of Canada. |
| 500 | |aChairman: Roger Conger Clute; commissioners: Ralph Smith, Daniel James Munn. |
| 500 | |aAt head of title : "2 Edward VII. Sessional Paper No. 54. A. 1902." |
| 500 | |a"Session 1902." |
| 500 | |a"Printed by order of Parliament." |
| 692 | 07|2gccst|aCommissions of inquiry |
| 692 | 07|2gccst|aImmigration policy |
| 700 | 1 |aClute, Roger Conger,|d1848-1921. |
| 710 | 1 |aCanada. |bPrivy Council Office. |
| 710 | 1 |aCanada.|bRoyal Commission on Chinese and Japanese Immigration Into British Columbia. |
| 856 | 40|qPDF|s7.32 MB|uhttps://publications.gc.ca/collections/collection_2016/bcp-pco/Z1-1900-1-1-eng.pdf |
| 856 | 40|qPDF|s6.98 MB|uhttps://publications.gc.ca/collections/collection_2016/bcp-pco/Z1-1900-1-2-eng.pdf |
| 856 | 40|qPDF|s5.58 MB|uhttps://publications.gc.ca/collections/collection_2016/bcp-pco/Z1-1900-1-3-eng.pdf |
| 856 | 40|qPDF|s6.33 MB|uhttps://publications.gc.ca/collections/collection_2016/bcp-pco/Z1-1900-1-4-eng.pdf |
| 856 | 40|qPDF|s6.29 MB|uhttps://publications.gc.ca/collections/collection_2016/bcp-pco/Z1-1900-1-5-eng.pdf |
| 856 | 40|qPDF|s8.65 MB|uhttps://publications.gc.ca/collections/collection_2016/bcp-pco/Z1-1900-1-6-eng.pdf |